[Event "Irish International Open 2019"]
[Site "Dublin"]
[Date "2019.04.20"]
[Round "5.8"]
[White "Li, Henry"]
[Black "McMorrow, John"]
[Result "1/2-1/2"]
[WhiteElo "2308"]
[BlackElo "2058"]
[Annotator "NA"]
[PlyCount "52"]
[EventDate "2019.02.28"]
[EventType "swiss"]
[EventCountry "IRL"]
[SourceTitle "playchess.com"]
[Source "ChessBase"]
[SourceQuality "1"]
[TimeControl "5400+30"]

1. e4 {[%emt 0:00:00]} e5 {[%emt 0:00:00]} 2. Nf3 {[%emt 0:00:00]} Nc6 {[%emt 0:00:00]} 3. Bb5 {[%emt 0:00:00]} a6 {[%emt 0:00:00]} 4. Ba4 {[%emt 0:00:01]} Nf6 {[%emt 0:00:00]} 5. O-O {[%emt 0:00:10]} b5 {[%emt 0:00:00]} 6. Bb3 {[%emt 0:00:10]} Be7 {[%emt 0:00:00]} 7. Re1 {[%emt 0:00:32]} d6 {[%emt 0:00:00]} 8. c3 {[%emt 0:00:08]} O-O {[%emt 0:00:00]} 9. h3 {[%emt 0:00:05]} Nb8 {[%emt 1:34:30]} 10. d4 {[%emt 0:00:07]} Nbd7 {[%emt 0:00:00]} 11. Nbd2 {[%emt 0:00:05]} Bb7 {[%emt 0:00:00]} 12. Bc2 {[%emt 0:00:10]} Re8 {[%emt 0:00:00]} 13. a4 {[%emt 0:00:14]} c5 {[%emt 0:00:00]} 14. d5 {[%emt 0:02:52]} Qc7 {[%emt 0:00:00]} 15. b3 {[%emt 0:06:43]} bxa4 {[%emt 0:00:00]} 16. bxa4 {[%emt 0:02:26]} a5 {[%emt 0:00:00]} 17. Bd3 {[%emt 0:10:08]} Ba6 {[%emt 0:00:00]} 18. Bxa6 {[%emt 0:02:11]} Rxa6 {[%emt 0:00:00]} 19. Qe2 {[%emt 0:00:17]} Raa8 {[%emt 0:00:00]} 20. Nc4 {[%emt 0:03:01]} Nb6 {[%emt 0:00:00]} 21. Na3 {[%emt 0:05:49]} Reb8 {[%emt 0:00:00]} 22. Nb5 {[%emt 0:04:38]} Qd7 {[%emt 0:00:00]} 23. c4 {[%emt 0:00:24]} Ne8 {[%emt 0:00:00]} 24. Bd2 {[%emt 0:01:54]} Nc7 {[%emt 0:00:00]} 25. Reb1 {[%emt 0:00:53]} Bd8 {[%emt 0:00:00]} 26. Bc3 {[%emt 0:11:01]} f6 {[%emt 0:00:00]} 1/2-1/2

[Event "Irish International Open 2019"]
[Site "Dublin"]
[Date "2019.04.20"]
[Round "5.10"]
[White "Schut, Han"]
[Black "Thorarinsson, Pall A."]
[Result "1/2-1/2"]
[WhiteElo "2173"]
[BlackElo "2246"]
[Annotator "NA"]
[PlyCount "32"]
[EventDate "2019.02.28"]
[EventType "swiss"]
[EventCountry "IRL"]
[SourceTitle "playchess.com"]
[Source "ChessBase"]
[SourceQuality "1"]
[TimeControl "5400+30"]

1. e4 {[%emt 0:00:00]} d6 {[%emt 0:12:22]} 2. d4 {[%emt 0:00:00]} Nf6 {[%emt 0:01:25]} 3. Nc3 {[%emt 0:00:00]} g6 {[%emt 0:00:04]} 4. f4 {[%emt 0:00:00]} Bg7 {[%emt 0:00:04]} 5. Nf3 {[%emt 0:00:04]} O-O {[%emt 0:00:09]} 6. e5 {[%emt 0:01:23]} Nfd7 {[%emt 0:00:05]} 7. Ne4 {[%emt 0:08:57]} c5 {[%emt 0:02:34]} 8. c3 {[%emt 0:00:21]} cxd4 {[%emt 0:03:36]} 9. cxd4 {[%emt 0:00:07]} Nb6 {[%emt 0:01:21]} 10. Be2 {[%emt 0:05:39]} Nc6 {[%emt 0:11:32]} 11. O-O {[%emt 0:01:39]} Be6 {[%emt 0:01:58]} 12. Qe1 {[%emt 0:05:02]} dxe5 {[%emt 0:02:42]} 13. dxe5 {[%emt 0:00:11]} Nd4 {[%emt 0:00:13]} 14. Bd1 {[%emt 0:10:20]} Rc8 {[%emt 0:06:23]} 15. Qh4 {[%emt 0:18:15]} Bc4 {[%emt 0:03:50]} 16. Re1 {[%emt 0:04:43]} Bxa2 {[%emt 0:02:01]} 1/2-1/2

[Event "Irish International Open 2019"]
[Site "Dublin"]
[Date "2019.04.20"]
[Round "5.11"]
[White "Schmitz, Andreas Arnold"]
[Black "Brady, Stephen"]
[Result "0-1"]
[WhiteElo "2003"]
[BlackElo "2301"]
[Annotator "NA"]
[PlyCount "27"]
[EventDate "2019.02.28"]
[EventType "swiss"]
[EventCountry "IRL"]
[SourceTitle "playchess.com"]
[Source "ChessBase"]
[SourceQuality "1"]
[TimeControl "5400+30"]

1. e4 {[%emt 1:30:30]} d5 {[%emt 0:02:13]} 2. exd5 {[%emt 0:00:00]} Qxd5 {[%emt 0:00:07]} 3. Qf3 {[%emt 0:00:00]} Nf6 {[%emt 0:02:38]} 4. Nc3 {[%emt 0:00:00]} Qa5 {[%emt 0:01:11]} 5. b4 {[%emt 0:00:00]} Qxb4 {[%emt 0:06:36]} 6. Rb1 {[%emt 0:00:00]} Qg4 {[%emt 0:00:20]} 7. Qxg4 {[%emt 0:00:00]} Nxg4 {[%emt 0:00:19]} 8. Nf3 {[%emt 0:00:00]} e6 {[%emt 0:01:03]} 9. d4 {[%emt 0:00:00]} Bd6 {[%emt 0:38:28]} 10. h3 {[%emt 0:00:00]} Nf6 {[%emt 0:00:08]} 11. Bc4 {[%emt 0:00:00]} Nbd7 {[%emt 0:01:04]} 12. Nb5 {[%emt 0:00:00]} Nb6 {[%emt 0:01:15]} 13. Bd3 {[%emt 0:00:00]} O-O {[%emt 0:10:25]} 14. c4 {[%emt 0:00:00]} 0-1

[Event "Irish International Open 2019"]
[Site "Dublin"]
[Date "2019.04.20"]
[Round "5.12"]
[White "Epishin, Vladimir"]
[Black "Reprun, Nadejda"]
[Result "*"]
[WhiteElo "2568"]
[BlackElo "1995"]
[Annotator "TA"]
[PlyCount "156"]
[EventDate "2019.02.28"]
[EventType "swiss"]
[EventCountry "IRL"]
[SourceTitle "playchess.com"]
[Source "ChessBase"]
[SourceQuality "1"]

{[%evp 11,156,0,0,-35,-35,-44,-25,-29,-25,-36,-20,-2,-8,-80,-3,6,31,-1,41,18,19,0,23,17,15,-24,-16,-25,-18,-55,-6,-46,-7,-64,-25,-25,-25,-25,-12,-11,0,-47,0,-12,-19,-13,0,-7,-5,-9,-11,-7,0,0,0,-72,-72,-72,-72,-70,-84,-72,-37,-37,-20,-117,-88,-107,0,-116,-62,-92,-97,-88,-54,-133,-33,-36,8,8,8,-8,29,0,0,0,0,0,0,0,0,0,0,0,0,0,0,-8,-4,-4,0,-8,5,-4,0,0,0,0,0,0,0,-8,0,0,0,0,0,-8,-8,-8,-8,-8,0,0,0,0,0,0,0,0,0,0,0,0,0,0,0,0,0,0,0,0,0,0,0,0,0]} 1. c4 c6 2. Nc3 d5 3. d4 Nf6 4. e3 e6 5. Nf3 Nbd7 6. a3 Bd6 7. g4 {D45: Semi-Slav: 5 e3} (7. Bd3 O-O 8. O-O h6 9. Bd2 Re8 10. Qc2 dxc4 11. Bxc4 e5 12. dxe5 Nxe5 13. Nxe5 Bxe5 14. h3 Bf5 15. Qxf5 Qxd2 16. Rab1 Qd7 17. Qc2 Rad8 18. Rfd1 Qe7 19. Ne2 Rxd1+ 20. Rxd1 Rd8 21. Rxd8+ {½-½ (21) Korobov,A (2698)-Gelfand,B (2673) St Petersburg 2018}) 7... Ne4 8. h4 $146 ({Predecessor:} 8. cxd5 Nxc3 9. bxc3 exd5 10. g5 Nb6 11. Rg1 Bf5 12. h4 Qe7 13. Nd2 O-O-O 14. a4 h6 {1-0 (49) Epishin,V (2553)-Debray,F (2165) France 2006}) 8... Nxc3 9. bxc3 {Black has an edge.} b6 10. g5 Bb7 11. cxd5 cxd5 12. h5 (12. Qb3 $11) 12... Be7 ({Black should play} 12... h6 $17 13. gxh6 Rxh6) 13. Rg1 $11 g6 14. Bd2 gxh5 15. Bd3 {[#]} h4 $1 {[%mdl 512]} 16. Qb1 (16. Nxh4 Bxg5) 16... h3 17. Ke2 h2 18. Nxh2 Bxg5 19. Nf3 Bf6 20. a4 Qc7 21. a5 bxa5 22. Qb5 (22. Rc1 $11) 22... Bc6 23. Qxa5 Qxa5 24. Rxa5 h5 25. Rga1 h4 26. Ra6 Rc8 27. Rxa7 h3 28. Rh1 Rb8 29. Ng1 h2 $36 {[%mdl 2048] Black has some pressure.} 30. Nf3 e5 $1 {[%cal Re5e4]} 31. Rc7 $1 Ba4 32. Ra7 Bc6 $1 {White must now prevent ...e4.} 33. dxe5 (33. Rc7 $1 $11 Ba4 34. Ra7 Bc6) 33... Nxe5 $17 34. Ra6 Nxf3 35. Rxc6 Nxd2 36. Kxd2 Rb2+ 37. Bc2 $1 Ke7 38. Kd3 (38. Rc7+ $11 {keeps the balance.} Ke8 39. Rc5) 38... Rh3 39. Rc7+ Ke6 (39... Kf8 $1 $17 40. Rc8+ Kg7) 40. Rc8 (40. Rc6+ $11 Ke7 41. f4) 40... Ra2 (40... Be5 $17 {aiming for ...Rf3.} 41. Rg8 Rf3) 41. Re8+ Kd7 42. Rb8 Ra3 43. Bb3 {[#]} (43. Ke2 $15 Rh5 44. Rb7+ Ke6 45. Rb6+ Ke7 46. Rb7+ Kf8 47. Bb3) 43... Kc7 (43... Be5 $1 $17 {[%cal Re5b8]} 44. Bd1 {[#]} Rxe3+ $1 {[%mdl 512]} 45. fxe3 Bxb8) 44. Rf8 $15 Rh7 (44... Kd6 $5 {[%cal Ra3b3]} 45. Rxf7 Be5 $17) 45. Bxd5 Bxc3 46. Ke2 f6 47. Rb1 {Threatens to win with Rb7+.} Kd6 {The position is equal.} 48. Rd8+ Rd7 49. Rxd7+ Kxd7 $11 {[%mdl 4096] Endgame KRB-KRB} 50. Rh1 Kd6 51. Bc4 Kc5 52. Bf7 Ra7 53. Be6 Rh7 54. f4 Kd6 55. Bf5 Rh8 56. Kf3 Ke7 57. Bg6 Rh3+ 58. Kg4 Rh8 59. Be4 Bd2 60. Bg2 Kf7 61. Kf3 Bb4 62. Rb1 Be7 63. Kg3 Bc5 64. e4 Bg1 65. Bh1 Rd8 66. Kg4 Rd7 67. Kf5 Ra7 68. Rd1 Ra5+ 69. e5 fxe5 70. fxe5 Ra7 71. Rd6 Ra1 72. Bd5+ Ke7 73. Re6+ Kd8 74. Rh6 Ra5 75. Be4 Bf2 76. Rxh2 Rxe5+ 77. Kf4 Bg3+ 78. Kxg3 Rxe4 {Accuracy: White = 49%, Black = 47%.} *

[Event "Irish International Open 2019"]
[Site "Dublin"]
[Date "2019.04.20"]
[Round "5.13"]
[White "Horvath, Gabor"]
[Black "Mulligan, Scott"]
[Result "1/2-1/2"]
[WhiteElo "2252"]
[BlackElo "2006"]
[Annotator "NA"]
[PlyCount "96"]
[EventDate "2019.02.28"]
[EventType "swiss"]
[EventCountry "IRL"]
[SourceTitle "playchess.com"]
[Source "ChessBase"]
[SourceQuality "1"]
[TimeControl "5400+30"]

1. e4 {[%emt 0:00:00]} c6 {[%emt 0:00:00]} 2. Nf3 {[%emt 0:02:29]} d5 {[%emt 0:00:05]} 3. Nc3 {[%emt 0:00:06]} Bg4 {[%emt 0:00:46]} 4. h3 {[%emt 0:00:59]} Bxf3 {[%emt 0:00:04]} 5. Qxf3 {[%emt 0:00:08]} e6 {[%emt 0:00:31]} 6. g3 {[%emt 0:03:48]} Nf6 {[%emt 0:08:33]} 7. Bg2 {[%emt 0:06:10]} Nxe4 {[%emt 0:02:42]} 8. Nxe4 {[%emt 0:00:06]} dxe4 {[%emt 0:00:02]} 9. Qxe4 {[%emt 0:00:07]} Qd5 {[%emt 0:00:24]} 10. d4 {[%emt 0:07:22]} Nd7 {[%emt 0:03:30]} 11. O-O {[%emt 0:03:53]} Qxe4 {[%emt 0:03:12]} 12. Bxe4 {[%emt 0:00:05]} Be7 {[%emt 0:00:51]} 13. Bf4 {[%emt 0:13:59]} Nf6 {[%emt 0:03:11]} 14. Bg2 {[%emt 0:00:26]} Nd5 {[%emt 0:00:32]} 15. Bd2 {[%emt 0:00:29]} Bf6 {[%emt 0:00:25]} 16. c3 {[%emt 0:00:49]} O-O {[%emt 0:01:54]} 17. Rac1 {[%emt 0:09:01]} Rfd8 {[%emt 0:04:10]} 18. Rfd1 {[%emt 0:00:45]} e5 {[%emt 0:03:31]} 19. c4 {[%emt 0:10:19]} Nb6 {[%emt 0:10:12]} 20. dxe5 {[%emt 0:01:40]} Bxe5 {[%emt 0:00:06]} 21. b3 {[%emt 0:00:43]} Bb2 {[%emt 0:09:17]} 22. Rb1 {[%emt 0:02:30]} Bf6 {[%emt 0:05:13]} 23. Be3 {[%emt 0:01:51]} Rxd1+ {[%emt 0:02:10]} 24. Rxd1 {[%emt 0:00:07]} Rd8 {[%emt 0:00:04]} 25. Rxd8+ {[%emt 0:00:30]} Bxd8 {[%emt 0:00:10]} 26. Kf1 {[%emt 0:00:15]} Nc8 {[%emt 0:06:55]} 27. Ke2 {[%emt 0:00:41]} Bb6 {[%emt 0:00:09]} 28. c5 {[%emt 0:03:40]} Ba5 {[%emt 0:04:08]} 29. Kd3 {[%emt 0:03:17]} Kf8 {[%emt 0:01:29]} 30. Kc4 {[%emt 0:01:46]} Ke7 {[%emt 0:01:15]} 31. b4 {[%emt 0:03:18]} Bc7 {[%emt 0:01:49]} 32. h4 {[%emt 0:02:21]} Ke6 {[%emt 0:07:26]} 33. Bh3+ {[%emt 0:08:26]} f5 {[%emt 0:00:05]} 34. h5 {[%emt 0:05:58]} Ne7 {[%emt 0:03:23]} 35. Bg2 {[%emt 0:02:23]} g6 {[%emt 0:02:46]} 36. hxg6 {[%emt 0:00:31]} hxg6 {[%emt 0:00:05]} 37. a4 {[%emt 0:00:51]} a6 {[%emt 0:07:07]} 38. Bd2 {[%emt 0:01:54]} Nd5 {[%emt 0:03:26]} 39. b5 {[%emt 0:00:20]} axb5+ {[%emt 0:01:21]} 40. axb5 {[%emt 0:00:06]} Ne7 {[%emt 0:03:01]} 41. Bg5 {[%emt 0:00:25]} Kd7 {[%emt 0:02:05]} 42. Bxe7 {[%emt 0:00:47]} Kxe7 {[%emt 0:00:01]} 43. bxc6 {[%emt 0:00:14]} bxc6 {[%emt 0:00:03]} 44. Bxc6 {[%emt 0:00:21]} g5 {[%emt 0:00:59]} 45. Ba4 {[%emt 0:01:01]} g4 {[%emt 0:01:07]} 46. Bd1 {[%emt 0:03:13]} Kf6 {[%emt 0:01:23]} 47. Kd5 {[%emt 0:00:56]} Kg5 {[%emt 0:00:03]} 48. c6 {[%emt 0:00:43]} f4 {[%emt 0:00:11]} 1/2-1/2

[Event "Irish International Open 2019"]
[Site "Dublin"]
[Date "2019.04.20"]
[Round "5.14"]
[White "Moran, Stephen"]
[Black "Murphy, Sean"]
[Result "1-0"]
[WhiteElo "2165"]
[BlackElo "1976"]
[Annotator "NA"]
[PlyCount "79"]
[EventDate "2019.02.28"]
[EventType "swiss"]
[EventCountry "IRL"]
[SourceTitle "playchess.com"]
[Source "ChessBase"]
[SourceQuality "1"]
[TimeControl "5400+30"]

1. Nf3 {[%emt 0:00:00]} d5 {[%emt 0:00:50]} 2. e3 {[%emt 0:00:11]} Nf6 {[%emt 0:00:12]} 3. c4 {[%emt 0:00:08]} c6 {[%emt 0:00:08]} 4. Nc3 {[%emt 0:00:20]} e6 {[%emt 0:00:45]} 5. d4 {[%emt 0:00:15]} Nbd7 {[%emt 0:00:08]} 6. Bd2 {[%emt 0:00:13]} Bd6 {[%emt 0:01:13]} 7. Bd3 {[%emt 0:00:39]} dxc4 {[%emt 0:12:30]} 8. Bxc4 {[%emt 0:00:07]} b5 {[%emt 0:00:19]} 9. Bd3 {[%emt 0:00:16]} a6 {[%emt 0:01:40]} 10. Ne4 {[%emt 0:02:12]} Nxe4 {[%emt 0:00:51]} 11. Bxe4 {[%emt 0:00:07]} Bb7 {[%emt 0:00:17]} 12. Rc1 {[%emt 0:00:56]} Rc8 {[%emt 0:01:20]} 13. b4 {[%emt 0:01:25]} O-O {[%emt 0:02:02]} 14. O-O {[%emt 0:03:12]} Qe7 {[%emt 0:00:44]} 15. a3 {[%emt 0:06:19]} a5 {[%emt 0:11:21]} 16. Qb3 {[%emt 0:07:36]} Kh8 {[%emt 0:05:53]} 17. Bc3 {[%emt 0:32:24]} Nf6 {[%emt 0:01:10]} 18. Bd3 {[%emt 0:03:52]} Nd5 {[%emt 0:17:02]} 19. Rb1 {[%emt 0:07:49]} Nxc3 {[%emt 0:02:07]} 20. Qxc3 {[%emt 0:00:08]} axb4 {[%emt 0:00:08]} 21. axb4 {[%emt 0:00:05]} Ra8 {[%emt 0:03:17]} 22. Rb3 {[%emt 0:02:58]} h5 {[%emt 0:10:13]} 23. e4 {[%emt 0:04:41]} h4 {[%emt 0:02:07]} 24. e5 {[%emt 0:01:58]} Bc7 {[%emt 0:00:16]} 25. Be4 {[%emt 0:03:11]} Bb6 {[%emt 0:02:37]} 26. Qe3 {[%emt 0:00:52]} g6 {[%emt 0:02:27]} 27. Qh6+ {[%emt 0:01:22]} Kg8 {[%emt 0:00:05]} 28. Ng5 {[%emt 0:01:28]} f6 {[%emt 0:01:05]} 29. Qxg6+ {[%emt 0:00:23]} Kh8 {[%emt 0:01:09]} 30. Qh6+ {[%emt 0:03:36]} Kg8 {[%emt 0:00:15]} 31. Qg6+ {[%emt 0:08:48]} Kh8 {[%emt 0:00:12]} 32. Nxe6 {[%emt 0:01:08]} Rf7 {[%emt 0:03:27]} 33. Qh5+ {[%emt 0:00:30]} Rh7 {[%emt 0:00:38]} 34. Bxh7 {[%emt 0:01:16]} Qxh7 {[%emt 0:00:20]} 35. Qxh7+ {[%emt 0:00:43]} Kxh7 {[%emt 0:00:02]} 36. exf6 {[%emt 0:00:19]} Bc8 {[%emt 0:00:58]} 37. Ng5+ {[%emt 0:01:03]} Kg6 {[%emt 0:00:13]} 38. f7 {[%emt 0:00:40]} Bf5 {[%emt 0:00:11]} 39. Re3 {[%emt 0:01:56]} Bd7 {[%emt 0:01:03]} 40. Re7 {[%emt 0:01:23]} 1-0

[Event "Irish International Open 2019"]
[Site "Dublin"]
[Date "2019.04.20"]
[Round "5.15"]
[White "Murray, David"]
[Black "Plaza Reino, Mercedes"]
[Result "1-0"]
[WhiteElo "2152"]
[BlackElo "1927"]
[Annotator "NA"]
[PlyCount "87"]
[EventDate "2019.02.28"]
[EventType "swiss"]
[EventCountry "IRL"]
[SourceTitle "playchess.com"]
[Source "ChessBase"]
[SourceQuality "1"]
[TimeControl "5400+30"]

1. e4 {[%emt 1:30:30]} c5 {[%emt 1:30:30]} 2. Nf3 {[%emt 0:00:30]} e6 {[%emt 0:00:30]} 3. d4 {[%emt 0:00:30]} cxd4 {[%emt 0:00:30]} 4. Nxd4 {[%emt 0:00:30]} a6 {[%emt 0:00:30]} 5. Nc3 {[%emt 0:00:30]} Qc7 {[%emt 0:00:30]} 6. Bd3 {[%emt 0:00:30]} Nf6 {[%emt 0:00:30]} 7. O-O {[%emt 0:00:30]} b5 {[%emt 0:00:30]} 8. Re1 {[%emt 0:00:30]} d6 {[%emt 0:00:30]} 9. a4 {[%emt 0:00:30]} b4 {[%emt 0:00:30]} 10. Na2 {[%emt 0:00:30]} d5 {[%emt 0:00:30]} 11. exd5 {[%emt 0:00:30]} Nxd5 {[%emt 0:00:30]} 12. Be4 {[%emt 0:00:30]} Be7 {[%emt 0:00:30]} 13. Bxd5 {[%emt 0:00:30]} exd5 {[%emt 0:00:30]} 14. Nxb4 {[%emt 0:00:30]} Qc5 {[%emt 0:00:30]} 15. c3 {[%emt 0:00:30]} O-O {[%emt 0:00:30]} 16. Nxd5 {[%emt 0:00:30]} Qxd5 {[%emt 0:00:30]} 17. Rxe7 {[%emt 0:00:30]} Nc6 {[%emt 0:00:30]} 18. Rc7 {[%emt 0:00:30]} Re8 {[%emt 0:00:30]} 19. Be3 {[%emt 0:00:30]} Ne5 {[%emt 0:00:30]} 20. Nc6 {[%emt 0:00:30]} Qe6 {[%emt 0:00:30]} 21. Nxe5 {[%emt 0:00:30]} Qxe5 {[%emt 0:00:30]} 22. Rc5 {[%emt 0:00:30]} Qe7 {[%emt 0:00:30]} 23. Qf3 {[%emt 0:00:30]} Bb7 {[%emt 0:00:30]} 24. Qg3 {[%emt 0:00:30]} Qe4 {[%emt 0:00:30]} 25. Rg5 {[%emt 0:00:30]} g6 {[%emt 0:00:30]} 26. h4 {[%emt 0:00:30]} Rad8 {[%emt 0:00:30]} 27. Bd4 {[%emt 0:00:30]} Re6 {[%emt 0:00:30]} 28. Rg4 {[%emt 0:00:30]} Qd5 {[%emt 0:00:30]} 29. Qf4 {[%emt 0:00:30]} Rde8 {[%emt 0:00:30]} 30. Qh6 {[%emt 0:00:30]} Re1+ {[%emt 0:00:30]} 31. Rxe1 {[%emt 0:00:30]} Rxe1+ {[%emt 0:00:30]} 32. Kh2 {[%emt 0:00:30]} Qd6+ {[%emt 0:00:30]} 33. Rg3 {[%emt 0:00:30]} f6 {[%emt 0:00:30]} 34. h5 {[%emt 0:00:30]} Be4 {[%emt 0:00:30]} 35. Qd2 {[%emt 0:00:30]} Rb1 {[%emt 0:00:30]} 36. Qe2 {[%emt 0:00:30]} Qd5 {[%emt 0:00:30]} 37. hxg6 {[%emt 0:00:30]} hxg6 {[%emt 0:00:30]} 38. b4 {[%emt 0:00:30]} Qc6 {[%emt 0:00:30]} 39. Qe3 {[%emt 0:00:30]} Kg7 {[%emt 0:00:30]} 40. Qf4 {[%emt 0:00:30]} Re1 {[%emt 0:00:30]} 41. Rh3 {[%emt 0:00:30]} Qe6 {[%emt 0:00:30]} 42. Qc7+ {[%emt 0:00:30]} Kg8 {[%emt 0:00:30]} 43. Qd8+ {[%emt 0:00:30]} Kg7 {[%emt 0:00:30]} 44. Qh8+ {[%emt 0:00:30]} 1-0

[Event "Irish International Open 2019"]
[Site "Dublin"]
[Date "2019.04.20"]
[Round "5.16"]
[White "Phelan, Leo"]
[Black "Melaugh, Shane"]
[Result "0-1"]
[WhiteElo "1708"]
[BlackElo "2105"]
[Annotator "NA"]
[PlyCount "63"]
[EventDate "2019.02.28"]
[EventType "swiss"]
[EventCountry "IRL"]
[SourceTitle "playchess.com"]
[Source "ChessBase"]
[SourceQuality "1"]
[TimeControl "5400+30"]

1. e4 {[%emt 0:00:00]} c5 {[%emt 0:06:23]} 2. Nf3 {[%emt 0:00:00]} e6 {[%emt 0:00:07]} 3. d4 {[%emt 0:00:00]} cxd4 {[%emt 0:00:06]} 4. Nxd4 {[%emt 0:00:00]} a6 {[%emt 0:00:05]} 5. c4 {[%emt 0:00:00]} Qc7 {[%emt 0:01:06]} 6. Nc3 {[%emt 0:00:18]} Nf6 {[%emt 0:00:35]} 7. a3 {[%emt 0:00:10]} Nc6 {[%emt 0:02:25]} 8. Be3 {[%emt 0:00:19]} Be7 {[%emt 0:00:38]} 9. Be2 {[%emt 0:00:09]} O-O {[%emt 0:00:21]} 10. O-O {[%emt 0:00:08]} Rd8 {[%emt 0:04:55]} 11. f4 {[%emt 0:16:56]} d5 {[%emt 0:08:54]} 12. e5 {[%emt 0:00:29]} dxc4 {[%emt 0:00:47]} 13. Nxc6 {[%emt 0:07:49]} Rxd1 {[%emt 0:04:26]} 14. Nxe7+ {[%emt 0:00:07]} Qxe7 {[%emt 0:00:03]} 15. Raxd1 {[%emt 0:00:33]} Ne8 {[%emt 0:00:12]} 16. Bxc4 {[%emt 0:01:29]} b5 {[%emt 0:00:06]} 17. Ba2 {[%emt 0:01:54]} g6 {[%emt 0:00:49]} 18. Rd2 {[%emt 0:01:16]} Bb7 {[%emt 0:00:43]} 19. Rfd1 {[%emt 0:00:31]} Bc6 {[%emt 0:00:04]} 20. Bb6 {[%emt 0:01:04]} Qb7 {[%emt 0:01:29]} 21. Bc5 {[%emt 0:02:16]} a5 {[%emt 0:03:26]} 22. b4 {[%emt 0:02:23]} h5 {[%emt 0:00:12]} 23. Bb1 {[%emt 0:01:14]} axb4 {[%emt 0:01:54]} 24. Bxb4 {[%emt 0:01:52]} Qa7+ {[%emt 0:02:24]} 25. Kh1 {[%emt 0:00:57]} Qe3 {[%emt 0:00:43]} 26. Rd4 {[%emt 0:02:29]} f5 {[%emt 0:07:22]} 27. exf6 {[%emt 0:08:35]} Nxf6 {[%emt 0:00:05]} 28. Ba2 {[%emt 0:00:05]} Ng4 {[%emt 0:00:44]} 29. Rd8+ {[%emt 0:02:53]} Rxd8 {[%emt 0:00:41]} 30. Rxd8+ {[%emt 0:00:07]} Kh7 {[%emt 0:00:02]} 31. Nd1 {[%emt 0:01:06]} Qxf4 {[%emt 0:00:39]} 32. Nf2 {[%emt 0:48:51]} 0-1

[Event "Irish International Open 2019"]
[Site "Dublin"]
[Date "2019.04.20"]
[Round "5.17"]
[White "Doyle, Hugh"]
[Black "Jocius, Donatas"]
[Result "1-0"]
[WhiteElo "2042"]
[BlackElo "1773"]
[Annotator "NA"]
[PlyCount "94"]
[EventDate "2019.02.28"]
[EventType "swiss"]
[EventCountry "IRL"]
[SourceTitle "playchess.com"]
[Source "ChessBase"]
[SourceQuality "1"]
[TimeControl "5400+30"]

1. Nf3 {[%emt 0:00:00]} d5 {[%emt 0:02:37]} 2. c4 {[%emt 0:00:00]} e6 {[%emt 0:00:06]} 3. g3 {[%emt 0:00:00]} c6 {[%emt 0:00:32]} 4. Bg2 {[%emt 0:00:00]} f5 {[%emt 0:01:10]} 5. O-O {[%emt 0:00:08]} Nf6 {[%emt 0:00:07]} 6. d3 {[%emt 0:00:14]} Bd6 {[%emt 0:00:27]} 7. Nc3 {[%emt 0:00:06]} O-O {[%emt 0:00:22]} 8. e4 {[%emt 0:00:14]} fxe4 {[%emt 0:01:50]} 9. dxe4 {[%emt 0:00:53]} dxe4 {[%emt 0:03:10]} 10. Ng5 {[%emt 0:00:45]} e5 {[%emt 0:01:31]} 11. Ncxe4 {[%emt 0:17:34]} Be7 {[%emt 0:03:38]} 12. Qc2 {[%emt 0:04:09]} Bf5 {[%emt 0:01:11]} 13. Rd1 {[%emt 0:00:09]} Nfd7 {[%emt 0:02:29]} 14. Bh3 {[%emt 0:08:24]} Bxg5 {[%emt 0:03:47]} 15. Bxf5 {[%emt 0:10:52]} Bxc1 {[%emt 0:00:57]} 16. Bxh7+ {[%emt 0:06:22]} Kh8 {[%emt 0:00:58]} 17. Raxc1 {[%emt 0:00:27]} Qe7 {[%emt 0:02:07]} 18. Rd2 {[%emt 0:10:26]} Na6 {[%emt 0:04:19]} 19. h4 {[%emt 0:06:05]} Nf6 {[%emt 0:01:12]} 20. Nxf6 {[%emt 0:02:38]} Rxf6 {[%emt 0:00:30]} 21. Be4 {[%emt 0:00:50]} Raf8 {[%emt 0:01:09]} 22. Re1 {[%emt 0:01:01]} Nc5 {[%emt 0:04:50]} 23. Bg2 {[%emt 0:00:24]} Nd7 {[%emt 0:02:13]} 24. Qd1 {[%emt 0:05:11]} R8f7 {[%emt 0:02:13]} 25. Bh3 {[%emt 0:03:43]} Nf8 {[%emt 0:00:52]} 26. Qh5+ {[%emt 0:01:34]} Kg8 {[%emt 0:01:09]} 27. Qxe5 {[%emt 0:00:35]} Qb4 {[%emt 0:00:53]} 28. Qc3 {[%emt 0:01:36]} Qc5 {[%emt 0:01:44]} 29. Ree2 {[%emt 0:03:23]} Rf3 {[%emt 0:04:37]} 30. Qd4 {[%emt 0:00:17]} Qa5 {[%emt 0:01:54]} 31. b3 {[%emt 0:01:45]} Qc7 {[%emt 0:01:42]} 32. Kg2 {[%emt 0:05:07]} c5 {[%emt 0:01:39]} 33. Qd8 {[%emt 0:03:39]} Qc6 {[%emt 0:01:52]} 34. Kh2 {[%emt 0:01:58]} b6 {[%emt 0:01:02]} 35. Bg2 {[%emt 0:00:14]} g6 {[%emt 0:04:39]} 36. Bxf3 {[%emt 0:00:42]} Qxf3 {[%emt 0:00:17]} 37. Qd5 {[%emt 0:00:19]} Qf6 {[%emt 0:00:53]} 38. Re8 {[%emt 0:02:38]} Kh7 {[%emt 0:00:26]} 39. Qe5 {[%emt 0:00:42]} Qf3 {[%emt 0:01:49]} 40. Re7 {[%emt 0:00:23]} Kg8 {[%emt 0:01:52]} 41. Rxf7 {[%emt 0:00:24]} Qxf7 {[%emt 0:00:10]} 42. Qd5 {[%emt 0:00:35]} Ne6 {[%emt 0:00:13]} 43. Re2 {[%emt 0:00:07]} Nd4 {[%emt 0:00:27]} 44. Re8+ {[%emt 0:00:15]} Kg7 {[%emt 0:01:12]} 45. Qxf7+ {[%emt 0:00:50]} Kxf7 {[%emt 0:00:13]} 46. Ra8 {[%emt 0:00:08]} Nc6 {[%emt 0:01:48]} 47. Rc8 {[%emt 0:00:09]} Nb4 {[%emt 0:00:52]} 1-0